Classifica Serie B 2015-2016 - Statistics

Statistiche generali
  • Questo quiz è stato fatto 42 volte
  • Il punteggio medio è 17 su 22
Statistiche sulle risposte
Squadra Punti Vinte Pareggiate Perse Gol fatti Gol subiti % Corretto
Crotone 82 23 13 6 61 36
94%
Salernitana 45 9 18 15 48 62
94%
Cagliari 83 25 8 9 78 41
91%
Pescara 73 21 9 12 69 52
91%
Bari 68 19 11 12 58 48
88%
Avellino 49 13 10 19 52 66
85%
Brescia 54 14 12 16 55 64
85%
Modena 42 11 9 22 37 55
85%
Ternana 53 15 8 19 50 56
82%
Vicenza 49 11 16 15 41 53
82%
Cesena 68 19 11 12 57 37
79%
Livorno 42 10 12 20 45 57
79%
Ascoli 47 13 8 21 45 64
76%
Como 33 5 18 19 39 64
76%
Perugia 55 14 13 15 40 40
76%
Novara 65 19 10 13 57 35
73%
Spezia 66 17 15 10 47 45
73%
Virtus Entella 64 17 13 12 51 40
73%
Latina 46 10 16 16 44 51
70%
Trapani 73 20 13 9 64 49
70%
Pro Vercelli 46 11 13 18 43 53
61%
Virtus Lanciano 44 12 12 18 43 56
55%
Nessun quiz corrispondente trovato
Distribuzione punteggi
Percentuale di utenti per punteggio
Percentile per numero di risposta
I tuoi punteggi nel tempo
Non hai fatto questo quiz